|
|
|
|
| LEADER |
01660nam a2200397 4500 |
| 001 |
DLU200194385 |
| 005 |
##20200121 |
| 020 |
# |
# |
|a 9786049561672
|
| 040 |
# |
# |
|a DLU
|b vie
|
| 041 |
# |
# |
|a vie
|
| 044 |
# |
# |
|a vn
|
| 082 |
# |
# |
|a 320.951
|b Cai
|
| 245 |
# |
# |
|a Cải cách thể chế chính trị ở Trung Quốc hai thập niên đầu thế kỷ XXI /
|c Nguyễn Xuân Cường chủ biên, ... [et al.].
|
| 260 |
# |
# |
|a H. :
|b Khoa học Xã hội,
|c 2018.
|
| 300 |
# |
# |
|a 275 tr. ;
|c 21 cm.
|
| 504 |
# |
# |
|a Tài liệu tham khảo: tr. 269-275.
|
| 505 |
# |
# |
|a Chương I. Một số vấn đề cơ bản và bối cảnh cải cách thể chế chính trị ở Trung Quốc khi bước sang thế kỷ XXI -- Chương II. Cải cách thể chế chính trị Trung Quốc thập niên đầu thế kỷ XXI -- Chương III. Cải cách thể chế chính trị Trung Quốc từ Đại hội XVIII -- Chương IV. Nhận xét, triển vọng và bài học kinh nghiệm cải cách thể chế chính trị của Trung Quốc.
|
| 651 |
# |
# |
|a Trung Quốc
|x Điều kiện chính trị
|y Thế kỷ 21.
|
| 700 |
# |
# |
|a Đặng Thị Thúy Hà,
|c TS.
|
| 700 |
# |
# |
|a Bùi Thị Thu Hiền,
|c TS.
|
| 700 |
# |
# |
|a Chu Thùy Liên,
|c ThS.
|
| 700 |
# |
# |
|a Nguyễn Diệu Hương,
|c ThS.
|
| 700 |
# |
# |
|a Nguyễn Xuân Cường,
|c TS.
|e chủ biên.
|
| 700 |
# |
# |
|a Trần Thị Ánh Tuyết,
|c ThS.
|
| 700 |
# |
# |
|a Trần Thu Minh,
|c ThS.
|
| 923 |
# |
# |
|a 07/2019
|
| 991 |
# |
# |
|a SH
|
| 992 |
# |
# |
|a 56000
|
| 994 |
# |
# |
|a DLU
|
| 900 |
# |
# |
|a True
|
| 911 |
# |
# |
|a Nguyễn Thanh Hương
|
| 925 |
# |
# |
|a G
|
| 926 |
# |
# |
|a A
|
| 927 |
# |
# |
|a SH
|
| 980 |
# |
# |
|a Thư viện Trường Đại học Đà Lạt
|